LEADER 02293nas 2200721- 450 001 996207390803316 005 20210130035950.2 011 $a1871-2576 035 $a(OCoLC)71122981 035 $a(CKB)1000000000221982 035 $a(CONSER)--2018207179 035 $a(DE-599)ZDB2251932-4 035 $a(EXLCZ)991000000000221982 100 $a20060824a20069999 s-- - 101 0 $aeng 135 $aurcnu|||||||| 181 $ctxt$2rdacontent 182 $cc$2rdamedia 183 $acr$2rdacarrier 200 00$aApplied research in quality of life 210 1$aDordrecht :$cInternational Society for Quality of Life Studies :$cSpringer,$d2006- 300 $aRefereed/Peer-reviewed 311 $a1871-2584 517 1 $aARQOL 531 $aAPPL RES QUAL LIFE 531 $aAPPL. RES. QUAL. LIFE 606 $aQuality of life$xResearch$vPeriodicals 606 $aSocial indicators$vPeriodicals 606 $aHappiness$vPeriodicals 606 $aApplied sociology$vPeriodicals 606 $aQualité de la vie$vPériodiques 606 $aQuality of life$xResearch$2fast$3(OCoLC)fst01085029 606 $aApplied sociology$2fast$3(OCoLC)fst00811765 606 $aHappiness$2fast$3(OCoLC)fst00951160 606 $aQuality of life$2fast$3(OCoLC)fst01085009 606 $aRehabilitation$2fast$3(OCoLC)fst01093291 606 $aSocial indicators$2fast$3(OCoLC)fst01122522 606 $aTherapeutics$2fast$3(OCoLC)fst01149694 606 $aQuality of Life 606 $aSociology 608 $aPeriodical. 608 $aPeriodicals.$2fast 608 $aPeriodicals.$2lcgft 615 0$aQuality of life$xResearch 615 0$aSocial indicators 615 0$aHappiness 615 0$aApplied sociology 615 6$aQualité de la vie 615 7$aQuality of life$xResearch. 615 7$aApplied sociology. 615 7$aHappiness. 615 7$aQuality of life. 615 7$aRehabilitation. 615 7$aSocial indicators. 615 7$aTherapeutics. 615 12$aQuality of Life. 615 12$aSociology. 676 $a306 712 02$aInternational Society for Quality of Life Studies, 906 $aJOURNAL 912 $a996207390803316 996 $aApplied research in quality of life$92029183 997 $aUNISA LEADER 01586nam 2200313z- 450 001 9910689302503321 005 20011031101110.0 035 $a(CKB)5860000000025691 035 $a(BIP)007454788 035 $a(EXLCZ)995860000000025691 100 $a20220406c2000uuuu -u- - 101 0 $aeng 200 10$aH.R. 2513, a bill directing the Administrator of General Services to acquire a postal service building in Terre Haute, IN $ehearing before the Subcommittee on Government Management, Information, and Technology of the Committee on Government Reform, House of Representatives, One Hundred Sixth Congress, first session, on H.R. 2513 ... September 29, 1999 215 $a1 online resource (iii, 66 p.) 311 $a0-16-061026-5 517 $aH.R. 2513, a Bill Directing the Administrator of General Services to Acquire a Postal Service Building in Terre Haute, IN 606 $aPost office buildings$zIndiana$zTerre Haute$xManagement 606 $aPublic buildings$zIndiana$zTerre Haute$xManagement 610 $aPostal service 610 $aPublic buildings 610 $aPolitical science 610 $aArchitecture 615 0$aPost office buildings$xManagement. 615 0$aPublic buildings$xManagement. 712 02$aU. S. Congress, House Committee on Government Reform, Subcommittee on Government Management, Information, and Technology Staff,$4oth 906 $aBOOK 912 $a9910689302503321 996 $aH.R. 2513, a bill directing the Administrator of General Services to acquire a postal service building in Terre Haute, IN$93217699 997 $aUNINA